|
|
|
|
| LEADER |
00927nam a2200229 a 4500 |
| 001 |
00026020 |
| 008 |
121003s2011 bg s 001 0 eng d |
| 040 |
|
|
|a BD-DhAAL
|c BD-DhAAL
|
| 082 |
0 |
0 |
|a 370/.9549/2
|2 22
|
| 999 |
|
|
|c 12873
|d 12873
|
| 999 |
|
|
|c 12873
|
| 245 |
0 |
0 |
|a Bangladesh education statistics 2010
|
| 260 |
|
|
|a Dhaka :
|b Bangladesh Bureau of Educational Information and Statistics (BANBEIS),
|c 2011
|
| 300 |
|
|
|a 255 p. :
|b col. ill. ;
|c 25 cm.
|
| 490 |
0 |
|
|a BANBEIS publication, no. 404
|
| 541 |
|
|
|a 00026020
|
| 546 |
|
|
|a Text in English; questionnaires in Bengali.
|
| 650 |
|
0 |
|a Education
|z Bangladesh
|x Statistics.
|9 6473
|
| 710 |
2 |
|
|a Bangladesh Bureau of Educational Information and Statistics (BANBEIS)
|9 6474
|
| 852 |
1 |
|
|a Ayesha Abed Library
|j General shelf
|
| 942 |
|
|
|2 ddc
|c BK
|
| 952 |
|
|
|0 0
|1 0
|4 0
|6 370_954920000000000_BAN
|7 0
|9 21204
|a BRACUL
|b BRACUL
|c GEN
|d 2012-10-02
|l 0
|o 370.95492 BAN
|p 3010026020
|r 2012-10-04
|t 1
|w 2012-10-02
|y BK
|